|
|
|
|
| LEADER |
00000nam0a2200000 4500 |
| 001 |
186004 |
| 005 |
20231101223944.0 |
| 035 |
|
|
|a (RuTPU)RU\TPU\book\201825
|
| 090 |
|
|
|a 186004
|
| 100 |
|
|
|a 20101020d1964 m y0rusy50 ca
|
| 101 |
0 |
|
|a rus
|
| 102 |
|
|
|a RU
|
| 105 |
|
|
|a a j 001zy
|
| 200 |
1 |
|
|a Руководство к лабораторным работам по курсу "Теория электропривода"
|f М. А. Боровиков, А. И. Зайцев, М. П. Табинский, А. Н. Щипков
|g Томский политехнический институт (ТПИ)
|
| 210 |
|
|
|a Томск
|c Изд-во ТПИ
|d 1964
|
| 215 |
|
|
|a 132 с.
|c ил.
|
| 320 |
|
|
|a Библиогр.: с. 131-132.
|
| 606 |
1 |
|
|a Электроприводы
|2 stltpush
|3 (RuTPU)RU\TPU\subj\20689
|9 45775
|
| 610 |
1 |
|
|a электроприводы
|
| 610 |
1 |
|
|a лабораторные работы
|
| 610 |
1 |
|
|a электрические двигатели
|
| 610 |
1 |
|
|a характеристики
|
| 610 |
1 |
|
|a двигатели постоянного тока
|
| 610 |
1 |
|
|a асинхронные двигатели
|
| 610 |
1 |
|
|a приводы
|
| 610 |
1 |
|
|a труды учёных ТПУ
|
| 675 |
|
|
|a 62-83(076.5)
|v 3
|
| 701 |
|
1 |
|a Боровиков
|b М. А.
|g Михаил Алексеевич
|
| 701 |
|
1 |
|a Зайцев
|b А. И.
|c российский ученый, специалист в области энергетики
|c профессор Томского политехнического института
|f 1923-
|g Александр Иванович
|2 stltpush
|3 (RuTPU)RU\TPU\pers\19789
|
| 701 |
|
1 |
|a Табинский
|b М. П.
|g Михаил Петрович
|
| 701 |
|
1 |
|a Щипков
|b А. Н.
|g Андрей Николаевич
|
| 712 |
0 |
2 |
|a Томский политехнический институт (ТПИ)
|c (1944-1991)
|2 stltpush
|3 (RuTPU)RU\TPU\col\1123
|
| 801 |
|
1 |
|a RU
|b 63413507
|c 20101020
|
| 801 |
|
2 |
|a RU
|b 63413507
|c 20220301
|g RCR
|
| 942 |
|
|
|c BK
|